000 00637cam a2200229 i 4500
001 0000005154
005 20170406120413.0
008 760618s1976 nyu 000 0 eng
010 _a 76022162
020 _a0812820911
035 _9(DLC) 76022162
040 _aDLC
_cDLC
_dDLC
050 0 0 _aRC560.I45
_bF44
082 0 0 _a616.6
100 1 _aFellman, Sheldon L.
245 1 4 _aThe virile man /
_cby Sheldon L. Fellman and Paul Neimark.
260 _aNew York :
_bStein and Day,
_c1976.
300 _a228 p. ;
_c24 cm.
650 0 _aImpotence.
700 1 _aNeimark, Paul G.,
_ejoint author.
908 _a141204
999 _c4958
_d4958